00990nam a2200265 a 450000100100000000500170001000800410002702000150006804000250008304100130010808200150012110000300013624000410016624501550020726000300036230000360039249000180042850000730044650000760051950400320059570000230062770000220065070000310067283000210070300004391620201002045037.0140508s1997 sp ac 000 0 spa d a8484280233 aDO-SdBNPbspacBNPHU17aspaheng axxxxbxxxx1 aCronenberg, David,d1943-10aCronenberg on Cronenberg.lEspañol10aDavid Cronenberg por David Cronenberg /ceditor Chris Rodley ; traducción Javier Lago ; apéndice Antonio Weinrichter ; prólogo Martyn Steenbeck. aBarcelona :bAlba,c1997. a346 p. :bil., retrs. ;c22 cm.1 aTrayectosv15 aIncluye referencias bibliográficas y notas al pie de las páginas aIncluye datos biográficos del autor en la solapa de la contracubierta aBibliografía : p. 333-33512aRodley, Chriseed.12aLago, Javieretr.12aSteenbeck, Martynepról. 0aTrayectos ;n152